Media management / (Record no. 63613)

MARC details
000 -LEADER
fixed length control field 00551nam a22001577a 4500
005 - DATE AND TIME OF LATEST TRANSACTION
control field 2012022903523.0
020 ## - INTERNATIONAL STANDARD BOOK NUMBER
International Standard Book Number 818435004X
Terms of availability 850.00
035 ## - SYSTEM CONTROL NUMBER
System control number B-217034
037 ## - SOURCE OF ACQUISITION
Stock number DPL
Source of stock number/acquisition ENG
100 ## - MAIN ENTRY--PERSONAL NAME
Personal name Yadav, K. P.
245 ## - TITLE STATEMENT
Title Media management /
Statement of responsibility, etc by K. P. Yadav
260 ## - PUBLICATION, DISTRIBUTION, ETC. (IMPRINT)
Place of publication, distribution, etc New Delhi
Name of publisher, distributor, etc Adhyayan Publishers and Distributors
Date of publication, distribution, etc 2006
300 ## - PHYSICAL DESCRIPTION
Extent v, 368p.
Dimensions 20 cms.
942 ## - ADDED ENTRY ELEMENTS (KOHA)
Source of classification or shelving scheme Dewey Decimal Classification
Item type English Books
Classification part 070.1065
Call number suffix YAD
Holdings
Withdrawn status Lost status Not for loan Collection code Home library Current library Date acquired Cost, normal purchase price Full call number Barcode Cost, replacement price Koha item type
      Non-fiction Sarojini Nagar Sarojini Nagar 29/02/2012 850.00 070.1065 YAD B-217034 850.00 English Books

© Delhi Public Library
Hit Counter
free hit counter